000 00389nam a2200169Ia 4500
005 20240823011119.0
008 240823s9999||||xx |||||||||||||| ||und||
082 _A302.54 N6
100 _aKeval J Kumar
245 0 _aMass Communication in India
250 _a1st
260 _c1996
_b"Jaico,Mumbai,"
500 _aYES
650 _aGeneral
_bGeneral
942 _cBK
999 _c160582
_d160582